Thế giới nhân vật trong tiểu thuyết Vi Hồng /
Gardado en:
| Autor Principal: | |
|---|---|
| Formato: | Artigo |
| Idioma: | Vietnamese |
| Những chủ đề: | |
| Các nhãn: |
Engadir etiqueta
Sen Etiquetas, Sexa o primeiro en etiquetar este rexistro!
|
| Thư viện lưu trữ: | Thư viện Trường Đại học Đà Lạt |
|---|
| LEADER | 00877nam a2200325 4500 | ||
|---|---|---|---|
| 001 | DLU060055097 | ||
| 040 | # | # | |a DLU |b vie |
| 041 | # | # | |a vie |
| 044 | # | # | |a vn |
| 100 | # | # | |a Phạm Mạnh Hùng. |
| 245 | # | # | |a Thế giới nhân vật trong tiểu thuyết Vi Hồng / |c Phạm Mạnh Hùng. |
| 600 | # | # | |a Vi Hồng |
| 653 | # | # | |a Hình tượng nhân vật |
| 653 | # | # | |a Nhà văn |
| 653 | # | # | |a Tiểu thuyết |
| 653 | # | # | |a Văn học hiện đại |
| 773 | # | # | |t Nghiên cứu văn học |g Số 2, 2006, tr. 65-72 |
| 920 | # | # | |a Phòng Tạp chí -- Trung tâm Thông tin - Thư viện Trường Đại học Đà Lạt |
| 933 | # | # | |a DP |
| 933 | # | # | |a VH |
| 933 | # | # | |a VN |
| 994 | # | # | |a DLU |
| 900 | # | # | |a True |
| 911 | # | # | |a Nguyễn Thị Minh Cầm |
| 925 | # | # | |a G |
| 926 | # | # | |a A |
| 927 | # | # | |a BB |
| 980 | # | # | |a Thư viện Trường Đại học Đà Lạt |